|
|
|
|
| LEADER |
01259nam a2200337 a 4500 |
| 001 |
001359273 |
| 003 |
CZ BrMZK |
| 005 |
20200318114625.0 |
| 007 |
ta |
| 008 |
140115s2010 xxua g 6 000 1 eng |
| 020 |
|
|
|a 978-1-4012-2575-9
|q (brož.)
|
| 040 |
|
|
|a BOA001
|b cze
|
| 072 |
|
7 |
|a 741.52
|x Komiksy. Komiksové adaptace
|2 Konspekt
|9 21
|
| 080 |
|
|
|a 741.52(0:82-322.9)
|2 MRF
|
| 080 |
|
|
|a 741.52(0:82-322.4)
|2 MRF
|
| 100 |
1 |
|
|a Gaiman, Neil,
|d 1960-
|7 jn20000807024
|4 aut
|
| 245 |
1 |
4 |
|a The Sandman.
|p Preludes nocturnes /
|c Neil Gaiman, writer ; Sam Kieth, Mike Dringenberg, Malcolm Jones III, artists
|
| 246 |
3 |
0 |
|a Preludes nocturnes
|
| 250 |
|
|
|a 5th print.
|
| 260 |
|
|
|a New York :
|b DC Comics,
|c c2010
|
| 300 |
|
|
|a [236] s. :
|b vše barev. il. ;
|c 26 cm
|
| 500 |
|
|
|a Na obálce označení: volume 1
|
| 655 |
|
7 |
|a fantasy komiksy
|7 fd1057473
|2 czenas
|
| 655 |
|
7 |
|a horory (komiksy)
|7 fd1057476
|2 czenas
|
| 700 |
1 |
|
|a Kieth, Sam,
|d 1963-
|7 xx0031086
|4 ill
|
| 700 |
1 |
|
|a Dringenberg, Mike
|7 xx0031088
|4 ill
|
| 700 |
1 |
|
|a Jones, Malcolm,
|c III,
|d 1970-1996
|7 xx0031087
|4 ill
|
| 910 |
|
|
|a BOA001
|b 3-1316.651
|
| 990 |
|
|
|a BK
|
| 991 |
|
|
|b 201402
|e b
|
| 996 |
7 |
|
|b 2610577015
|c 3-1316.651
|l Americká knihovna/3.patro
|r ZHR
|n 43
|p dar
|h FG-gai
|w 001394478
|u 000010
|a 0
|e BOA001
|j MZK50
|s A
|